Queering Richard Rolle : mystical theology and the hermit in fourteenth-century England /

Bibliographic Details
Main Author: Roman, Christopher M.
Format: Book
Language:English
Published: New York : Palgrave Macmillian, [2017]
Series:New Middle Ages.
Subjects:

MARC

Tag First Indicator Second Indicator Subfields
LEADER 00000cam a2200000Ii 4500
001 in00003832921
005 20170926115211.0
008 161031t20172017nyu b 001 0 eng d
020 |a 331949774X 
020 |a 9783319497747 
035 |a (OCoLC)ocn961408743 
040 |a YDX  |e rda  |c YDX  |d NYP  |d COO  |d STF  |d UtOrBLW 
049 |a TXAM 
050 4 |a BV5095.R65  |b R66 2017 
082 0 |a 248.22 
100 1 |a Roman, Christopher M. 
245 1 0 |a Queering Richard Rolle :  |b mystical theology and the hermit in fourteenth-century England /  |c Christopher M. Roman. 
264 1 |a New York :  |b Palgrave Macmillian,  |c [2017] 
264 4 |c ©2017 
300 |a ix, 144 pages ;  |c 22 cm. 
336 |a text  |b txt  |2 rdacontent 
337 |a unmediated  |b n  |2 rdamedia 
338 |a volume  |b nc  |2 rdacarrier 
490 1 |a New Middle Ages 
504 |a Includes bibliographical references (pages 125-138) and index. 
600 1 0 |a Rolle, Richard,  |d 1290?-1349.  |0 http://id.loc.gov/authorities/names/n79045084 
650 0 |a Mysticism.  |0 http://id.loc.gov/authorities/subjects/sh85089345 
650 0 |a Christian literature, English (Middle)  |0 http://id.loc.gov/authorities/subjects/sh87002281 
650 0 |a Manuscripts, English (Middle)  |0 http://id.loc.gov/authorities/subjects/sh85080710 
650 0 |a Devotional literature.  |0 http://id.loc.gov/authorities/subjects/sh85037398 
830 0 |a New Middle Ages.  |0 http://id.loc.gov/authorities/names/n98014323 
945 |b 88503 
947 |a A14850052995 
948 |a cataloged  |b h  |c 2017/5/9  |d c  |e dmitchel  |f 4:44:44 pm 
994 |a 92  |b TXA 
999 f f |s 169968f5-b9d2-3a49-b64b-50c84f04467a  |i 0f345902-65f1-3139-b4a4-d9edbeef7921  |t 0 
952 f f |p normal  |a Texas A&M University  |b College Station  |c Sterling C. Evans Library  |d Evans: Library Stacks  |t 0  |e BV5095.R65 R66 2017  |h Library of Congress classification  |i unmediated -- volume  |m A14850052995 
998 f f |a BV5095.R65 R66 2017  |t 0  |l Evans: Library Stacks